[Event "Quebec op"]
[Site "Montreal CAN"]
[Date "2003.07.19"]
[Round "9"]
[White "Luksza, Arkadiusz"]
[Black "Gilman, Arkadiy"]
[Result "1-0"]
[WhiteElo "2211"]
[BlackElo "2125"]
[PlyCount "77"]
[EventDate "2003.07.12"]
[EventType "swiss"]
[EventRounds "9"]
[EventCountry "CAN"]

1. c4 Nf6 2. g3 c6 3. Bg2 d5 4. cxd5 cxd5 5. d4 Nc6 6. Nc3 a6 7. Nf3 Bf5 8. O-O
e6 9. Bf4 Be7 10. Rc1 O-O 11. Na4 Ne4 12. Qb3 g5 13. Be3 g4 14. Ne5 Na5 15. Qb6
f6 16. Nxg4 Bxg4 17. f3 Nc4 18. Rxc4 dxc4 19. fxg4 Nd6 20. Qxd8 Raxd8 21. Nc5
Rfe8 22. Nxe6 Rc8 23. Bd5 Kh8 24. Bh6 Nf7 25. Bg7+ Kg8 26. Bxf6 Bxf6 27. Rxf6
Re7 28. Ng5 Kg7 29. Rxf7+ Rxf7 30. Nxf7 b5 31. Ne5 a5 32. Kf2 a4 33. Ke1 c3 34.
bxc3 Rxc3 35. Kd2 Ra3 36. Nd3 Kf6 37. e4 Kg5 38. e5 h6 39. Nb4 1-0

[Event "Quebec op"]
[Site "Montreal CAN"]
[Date "2003.07.19"]
[Round "9"]
[White "Masse, Hugues"]
[Black "Moisan-Plante, Marc-Olivier"]
[Result "1-0"]
[WhiteElo "2163"]
[BlackElo "2095"]
[PlyCount "51"]
[EventDate "2003.07.12"]
[EventType "swiss"]
[EventRounds "9"]
[EventCountry "CAN"]

1. d4 d5 2. c4 e6 3. Nc3 c6 4. Nf3 Nf6 5. Bg5 dxc4 6. e4 b5 7. e5 h6 8. Bh4 g5
9. Nxg5 hxg5 10. Bxg5 Be7 11. exf6 Bxf6 12. Be3 Bb7 13. a4 a6 14. Ne4 Be7 15.
Qd2 Nd7 16. g3 c5 17. Bg2 Qc7 18. O-O b4 19. Rfc1 Bd5 20. dxc5 a5 21. Nd6+ Bxd6
22. Bxd5 Rd8 23. cxd6 Qxd6 24. Bxc4 Qxd2 25. Bxd2 Ne5 26. Bf4 1-0

[Event "Quebec op"]
[Site "Montreal CAN"]
[Date "2003.07.18"]
[Round "9"]
[White "Mongeau, Diane"]
[Black "Neacsu, Catalin"]
[Result "1/2-1/2"]
[WhiteElo "1839"]
[BlackElo "1873"]
[PlyCount "126"]
[EventDate "2003.07.12"]
[EventType "swiss"]
[EventRounds "9"]
[EventCountry "CAN"]

1. d4 Nf6 2. Nf3 d5 3. Bf4 c6 4. Nbd2 Bf5 5. c3 e6 6. Qb3 Qb6 7. Nh4 Bg6 8.
Nxg6 hxg6 9. Qc2 Nbd7 10. h3 c5 11. e3 Rc8 12. Bd3 Bd6 13. Bxd6 Qxd6 14. O-O g5
15. e4 cxd4 16. exd5 Qxd5 17. c4 Qd6 18. Nf3 g4 19. hxg4 Nxg4 20. g3 Qc5 21.
Kg2 Ke7 22. Qd2 Rh5 23. Rh1 Rch8 24. Qf4 f5 25. Rxh5 Rxh5 26. Re1 Kf6 27. Qxd4+
e5 28. Qxc5 Nxc5 29. Be2 e4 30. Nh4 g5 31. b4 Nd3 32. Bxd3 exd3 33. Nf3 Rh7 34.
Rd1 Rd7 35. Nd2 Ne5 36. f4 gxf4 37. gxf4 Ng4 38. Kg3 Rd4 39. Re1 b5 40. c5 Rd7
41. a3 Nh6 42. Nb3 Nf7 43. Rd1 Nd8 44. Rd2 Nc6 45. Nc1 a5 46. Rxd3 Rxd3+ 47.
Nxd3 axb4 48. axb4 Ke6 49. Kh4 Kd5 50. Kg5 Ke4 51. Nf2+ Kd4 52. Kxf5 Nxb4 53.
Ke6 Nd5 54. c6 Nxf4+ 55. Kd7 Nd5 56. Nd1 b4 57. Nb2 b3 58. Kd6 Nb6 59. c7 Nc8+
60. Kc6 Kc3 61. Na4+ Kc2 62. Kc5 b2 63. Nxb2 Kxb2 1/2-1/2

[Event "Quebec op"]
[Site "Montreal CAN"]
[Date "2003.07.19"]
[Round "9"]
[White "Pruess, David"]
[Black "Gravel, Simon M"]
[Result "1/2-1/2"]
[WhiteElo "2399"]
[BlackElo "2266"]
[PlyCount "24"]
[EventDate "2003.07.12"]
[EventType "swiss"]
[EventRounds "9"]
[EventCountry "CAN"]

1. e4 e5 2. f4 d5 3. Nf3 exf4 4. exd5 Nf6 5. Bc4 Nxd5 6. O-O Be7 7. Nc3 Be6 8.
Qe2 Nc6 9. Qe4 Nf6 10. Qxf4 Nh5 11. Qe4 Nf6 12. Qf4 Nh5 1/2-1/2

[Event "Quebec op"]
[Site "Montreal CAN"]
[Date "2003.07.19"]
[Round "9"]
[White "Robichaud, Louis"]
[Black "Laframboise, Marc-Andre"]
[Result "0-1"]
[WhiteElo "2011"]
[BlackElo "2110"]
[PlyCount "58"]
[EventDate "2003.07.12"]
[EventType "swiss"]
[EventRounds "9"]
[EventCountry "CAN"]

1. e4 c5 2. Nc3 d6 3. g3 g6 4. Bg2 Bg7 5. d3 Nc6 6. f4 e6 7. Nf3 Nge7 8. O-O
O-O 9. Be3 Rb8 10. d4 b6 11. Qd2 d5 12. e5 Ba6 13. Rfe1 Nf5 14. Ne2 Bxe2 15.
Rxe2 cxd4 16. Nxd4 Ncxd4 17. Bxd4 Nxd4 18. Qxd4 Qc7 19. c3 Rfc8 20. g4 Bf8 21.
Qd2 b5 22. f5 b4 23. cxb4 Rxb4 24. Bh3 Rd4 25. Qg5 Be7 26. f6 Bf8 27. Ree1 Qb6
28. Kh1 Qxb2 29. Rac1 Rd2 0-1

[Event "Quebec op"]
[Site "Montreal CAN"]
[Date "2003.07.19"]
[Round "9"]
[White "Voskanyan, Vahagn"]
[Black "Leriche, Felix"]
[Result "1-0"]
[WhiteElo "2281"]
[BlackElo "2127"]
[PlyCount "43"]
[EventDate "2003.07.12"]
[EventType "swiss"]
[EventRounds "9"]
[EventCountry "CAN"]

1. e4 e6 2. d4 d5 3. Nc3 Bb4 4. Bd3 dxe4 5. Bxe4 Nf6 6. Bf3 c5 7. a3 Ba5 8.
dxc5 Bxc3+ 9. bxc3 Qa5 10. Ne2 Qxc5 11. a4 Qc7 12. Ba3 Bd7 13. O-O Nc6 14. Rb1
a6 15. Bd6 Qc8 16. Re1 Na5 17. Nd4 Ng8 18. Nf5 g6 19. Qd4 f6 20. Bb4 gxf5 21.
Bh5+ Kd8 22. Bxa5+ 1-0

[Event "Quebec op U1600"]
[Site "Montreal CAN"]
[Date "2003.07.12"]
[Round "1"]
[White "Nadeau, Michel"]
[Black "Jorge, Valdir"]
[Result "1-0"]
[WhiteElo "1337"]
[BlackElo "1521"]
[PlyCount "61"]
[EventDate "2003.07.12"]
[EventType "swiss"]
[EventRounds "9"]
[EventCountry "CAN"]

1. d4 Nf6 2. Nc3 d5 3. e4 dxe4 4. f3 exf3 5. Nxf3 Bg4 6. h3 Bh5 7. g4 Bg6 8. g5
Ne4 9. Ne2 e6 10. Bg2 Nd6 11. O-O c6 12. c3 Nd7 13. Qe1 Be7 14. h4 Bd3 15. Ne5
Nxe5 16. dxe5 Nf5 17. Rf3 Bxe2 18. Qxe2 Nxh4 19. Rd3 Qb6+ 20. Be3 Bc5 21. Rf1
Nxg2 22. Kxg2 Bxe3 23. Qf3 Qxb2+ 24. Kh3 Rf8 25. Qxe3 Qxa2 26. Qd4 Qd5 27. Qe3
Qa5 28. Rfd1 Qb6 29. Qd2 Qc7 30. Rd7 Qc8 31. Qd6 1-0

[Event "Quebec op U1600"]
[Site "Montreal CAN"]
[Date "2003.07.13"]
[Round "2"]
[White "Jorge, Valdir"]
[Black "Quillinan, Henry"]
[Result "1-0"]
[WhiteElo "1521"]
[BlackElo "1320"]
[PlyCount "49"]
[EventDate "2003.07.12"]
[EventType "swiss"]
[EventRounds "9"]
[EventCountry "CAN"]

1. d4 Nf6 2. c4 e6 3. Nc3 b6 4. Bg5 Be7 5. Nf3 O-O 6. e3 Bb7 7. Be2 d6 8. O-O
Nbd7 9. Rc1 Ne4 10. Bxe7 Qxe7 11. Nxe4 Bxe4 12. Bd3 Nf6 13. Bxe4 Nxe4 14. Qc2
f5 15. Nd2 Nf6 16. c5 d5 17. cxb6 cxb6 18. Qa4 Rfc8 19. Rc6 Qd7 20. Rfc1 Rxc6
21. Qxc6 Rd8 22. Nf3 Ne4 23. Ne5 Qd6 24. f3 Qxc6 25. Nxc6 1-0

[Event "Quebec op U1600"]
[Site "Montreal CAN"]
[Date "2003.07.13"]
[Round "3"]
[White "Saint-Laurent, Luc"]
[Black "Jorge, Valdir"]
[Result "1/2-1/2"]
[WhiteElo "1390"]
[BlackElo "1521"]
[PlyCount "90"]
[EventDate "2003.07.12"]
[EventType "swiss"]
[EventRounds "9"]
[EventCountry "CAN"]

1. c4 Nf6 2. d4 g6 3. Nc3 d5 4. cxd5 Nxd5 5. e4 Nxc3 6. bxc3 Bg7 7. Nf3 c5 8.
Rb1 O-O 9. Be3 Nc6 10. Bb5 cxd4 11. Nxd4 Nxd4 12. Bxd4 Bxd4 13. Qxd4 Qxd4 14.
cxd4 b6 15. O-O Rd8 16. Bc6 Ba6 17. Rfd1 Rab8 18. d5 Bb7 19. Rbc1 Bxc6 20. Rxc6
Rbc8 21. Rdc1 Rxc6 22. Rxc6 e6 23. d6 e5 24. f3 Kf8 25. a4 Ke8 26. g4 Kd7 27.
Rc7+ Kxd6 28. Rxa7 Rd7 29. Ra6 Kc5 30. a5 bxa5 31. Rxa5+ Kd4 32. Kf2 Rc7 33.
Rd5+ Kc4 34. Rxe5 Rd7 35. g5 Kd4 36. f4 Rc7 37. Kg3 Rc3+ 38. Kg4 Rc7 39. Re8
Rb7 40. f5 Ke3 41. Kg3 Rb4 42. Re7 Rxe4 43. Rxf7 Re5 44. Kg4 Re4+ 45. Kg3 Re5
1/2-1/2

[Event "Quebec op U1600"]
[Site "Montreal CAN"]
[Date "2003.07.14"]
[Round "4"]
[White "Jorge, Valdir"]
[Black "Morin, Daniel"]
[Result "1/2-1/2"]
[WhiteElo "1521"]
[BlackElo "1388"]
[PlyCount "65"]
[EventDate "2003.07.12"]
[EventType "swiss"]
[EventRounds "9"]
[EventCountry "CAN"]

1. d4 Nf6 2. c4 e6 3. Nc3 Bb4 4. Bd2 O-O 5. a3 Bxc3 6. Bxc3 d5 7. e3 b6 8. Bd3
Ba6 9. Qe2 Nbd7 10. Nf3 Ne4 11. Rc1 Rc8 12. O-O c5 13. cxd5 Nxc3 14. Rxc3 Bxd3
15. Qxd3 exd5 16. dxc5 Nxc5 17. Qf5 g6 18. Qe5 Re8 19. Qd4 Re4 20. Qd2 Rc4 21.
Rxc4 dxc4 22. Qxd8+ Rxd8 23. Nd4 Na4 24. Rb1 Rd7 25. Kf1 a6 26. Ke1 b5 27. Kd2
Nc5 28. f3 Nb3+ 29. Kc3 Nc5 30. Rd1 Rd6 31. Rd2 f5 32. b3 cxb3 33. Nxb3 1/2-1/2

[Event "Quebec op U1600"]
[Site "Montreal CAN"]
[Date "2003.07.15"]
[Round "5"]
[White "Molloy, Francis"]
[Black "Jorge, Valdir"]
[Result "0-1"]
[WhiteElo "1397"]
[BlackElo "1521"]
[PlyCount "102"]
[EventDate "2003.07.12"]
[EventType "swiss"]
[EventRounds "9"]
[EventCountry "CAN"]

1. e4 c6 2. d4 d5 3. Nc3 dxe4 4. Nxe4 Bf5 5. Ng3 Bg6 6. Nf3 e6 7. Bd3 Bxd3 8.
Qxd3 Nd7 9. O-O Ngf6 10. Re1 Be7 11. Ng5 h6 12. N5e4 O-O 13. Qe3 Nd5 14. Qe2
N7f6 15. Nxf6+ Nxf6 16. c3 Re8 17. Nf1 Bd6 18. Qf3 e5 19. dxe5 Rxe5 20. Rxe5
Bxe5 21. Bf4 Bxf4 22. Qxf4 Nd5 23. Qd2 Qb6 24. Re1 Rd8 25. Rd1 Re8 26. c4 Nf6
27. Ne3 Qc7 28. Qd6 Qxd6 29. Rxd6 Kf8 30. h3 Re7 31. Rd8+ Re8 32. Rxe8+ Nxe8
33. c5 Ke7 34. Kf1 Ke6 35. f4 Nf6 36. g4 Ne4 37. b4 Nc3 38. a3 Nb5 39. Nc2 Kd5
40. Ke1 Kc4 41. Kd2 Kb3 42. Kd3 Nxa3 43. Nxa3 Kxa3 44. Kc4 b5+ 45. Kc3 Ka4 46.
f5 a5 47. bxa5 Kxa5 48. h4 b4+ 49. Kb3 Kb5 50. h5 Kxc5 51. g5 f6 0-1

[Event "Quebec op U1600"]
[Site "Montreal CAN"]
[Date "2003.07.17"]
[Round "7"]
[White "Jorge, Valdir"]
[Black "Mongeau, Melissa"]
[Result "1/2-1/2"]
[WhiteElo "1521"]
[BlackElo "1322"]
[PlyCount "64"]
[EventDate "2003.07.12"]
[EventType "swiss"]
[EventRounds "9"]
[EventCountry "CAN"]

1. d4 d5 2. c4 e6 3. Nc3 Nf6 4. Bg5 Be7 5. Nf3 Nbd7 6. e3 c5 7. Bd3 dxc4 8.
Bxc4 Qa5 9. O-O Qb4 10. Qe2 O-O 11. a3 Qa5 12. dxc5 Qxc5 13. Rac1 Ne5 14. Nxe5
Qxe5 15. Bf4 Qc5 16. Nb5 Qh5 17. Bd6 Bxd6 18. Nxd6 Ng4 19. h3 Qe5 20. Qxg4 Qxd6
21. Rfd1 Qe7 22. Qe4 Qf6 23. Bd3 g6 24. Rc3 Rd8 25. Rdc1 Bd7 26. Qxb7 Rab8 27.
Qxa7 Rxb2 28. R3c2 Rxc2 29. Rxc2 Qa1+ 30. Kh2 Qe5+ 31. Kg1 Qa1+ 32. Kh2 Qe5+
1/2-1/2

[Event "Quebec op U1600"]
[Site "Montreal CAN"]
[Date "2003.07.18"]
[Round "8"]
[White "Collin-Deslauriers, Hugo"]
[Black "Jorge, Valdir"]
[Result "0-1"]
[WhiteElo "1403"]
[BlackElo "1521"]
[PlyCount "54"]
[EventDate "2003.07.12"]
[EventType "swiss"]
[EventRounds "9"]
[EventCountry "CAN"]

1. e4 c6 2. d4 d5 3. exd5 cxd5 4. c4 Nc6 5. Nc3 dxc4 6. d5 Ne5 7. Bf4 Nd3+ 8.
Bxd3 cxd3 9. Qxd3 a6 10. Nf3 Nf6 11. O-O g6 12. Rfe1 Bf5 13. Qd1 Qb6 14. Ne5
Rd8 15. Nc4 Qc5 16. Rc1 Ng4 17. Ne3 Nxe3 18. Rxe3 Qb6 19. Na4 Qb4 20. Be5 Rg8
21. a3 Qh4 22. Nb6 Bh6 23. Rc4 Qh5 24. Qa4+ Kf8 25. Nd7+ Bxd7 26. Qb3 Bxe3 27.
Qxe3 Qd1+ 0-1

[Event "Quebec op U1600"]
[Site "Montreal CAN"]
[Date "2003.07.19"]
[Round "9"]
[White "Robillard, Guillaume"]
[Black "Jorge, Valdir"]
[Result "1-0"]
[WhiteElo "1525"]
[BlackElo "1521"]
[PlyCount "47"]
[EventDate "2003.07.12"]
[EventType "swiss"]
[EventRounds "9"]
[EventCountry "CAN"]

1. Nf3 Nf6 2. c4 g6 3. Nc3 Bg7 4. e4 d6 5. d4 O-O 6. h3 b6 7. Be3 Bb7 8. Bd3 c6
9. Qd2 Re8 10. O-O-O Na6 11. g4 Rc8 12. Kb1 e6 13. e5 dxe5 14. dxe5 Nd7 15. Qe2
Qc7 16. Bf4 c5 17. Be4 Bxe4+ 18. Qxe4 Red8 19. Nb5 Qb8 20. Nd6 Rc7 21. Bg5 Nb4
22. Bxd8 Qxd8 23. Nb5 Rc8 24. Qb7 1-0

[Event "Quebec op U1800"]
[Site "Montreal CAN"]
[Date "2003.07.13"]
[Round "3"]
[White "Blais, Georges"]
[Black "Bolduc, Rene"]
[Result "1-0"]
[WhiteElo "1616"]
[BlackElo "1521"]
[PlyCount "97"]
[EventDate "2003.07.12"]
[EventType "swiss"]
[EventRounds "9"]
[EventCountry "CAN"]

1. Nf3 Nc6 2. b3 e5 3. d3 d5 4. Bb2 Bd6 5. g3 Nf6 6. Bg2 O-O 7. O-O Qe7 8. Nbd2
h6 9. c4 d4 10. Ne1 Bd7 11. Nc2 a5 12. a3 Rab8 13. e3 dxe3 14. Nxe3 b5 15. Nd5
Nxd5 16. Bxd5 Kh8 17. Qf3 Nd4 18. Bxd4 exd4 19. Rfe1 Qf6 20. Qxf6 gxf6 21. Ne4
c6 22. Nxd6 cxd5 23. Re7 Be6 24. Nxb5 dxc4 25. bxc4 Rfd8 26. Rc1 Kg7 27. Kf1
Rb6 28. Ra7 Bf5 29. Rd1 Bh3+ 30. Ke2 Re6+ 31. Kd2 Re5 32. Ra6 Bg4 33. Re1 Rxe1
34. Kxe1 Re8+ 35. Kd2 Re2+ 36. Kc1 Rxf2 37. Nxd4 Rxh2 38. Rxa5 Rg2 39. Nf5+
Bxf5 40. Rxf5 Kg6 41. Rf3 f5 42. c5 Ra2 43. d4 Kf6 44. Re3 Kg5 45. c6 f4 46.
gxf4+ Kxf4 47. Rc3 Ke4 48. c7 Kxd4 49. c8=Q 1-0

[Event "Quebec op U1800"]
[Site "Montreal CAN"]
[Date "2003.07.14"]
[Round "4"]
[White "Blais, Georges"]
[Black "Brunet, Guy"]
[Result "1-0"]
[WhiteElo "1616"]
[BlackElo "1505"]
[PlyCount "83"]
[EventDate "2003.07.12"]
[EventType "swiss"]
[EventRounds "9"]
[EventCountry "CAN"]

1. Nf3 Nf6 2. c4 e6 3. g3 d5 4. Bg2 c6 5. b3 Be7 6. Bb2 O-O 7. O-O Nbd7 8. d4
Qc7 9. cxd5 Nxd5 10. Nc3 N7f6 11. Rc1 Qa5 12. Qd2 Bb4 13. Qc2 Nxc3 14. Bxc3
Bxc3 15. Qxc3 Qxa2 16. Rc2 Qa3 17. Ra1 Qe7 18. Ne5 Nd5 19. Qb2 Bd7 20. Nd3 Nb4
21. Nxb4 Qxb4 22. Rc5 Rfd8 23. e3 Be8 24. h4 a6 25. Ra4 Qb6 26. h5 f6 27. Bh3
e5 28. Be6+ Bf7 29. Bxf7+ Kxf7 30. Qc2 exd4 31. Qc4+ Kf8 32. exd4 Re8 33. Rb4
Qc7 34. d5 cxd5 35. Qxd5 Qe7 36. Rxb7 Qe1+ 37. Kg2 Qe4+ 38. Qxe4 Rxe4 39. Rcc7
Rg4 40. f4 g6 41. Rxh7 Kg8 42. h6 1-0

[Event "Quebec op U1800"]
[Site "Montreal CAN"]
[Date "2003.07.15"]
[Round "5"]
[White "Girouard, Michel"]
[Black "Blais, Georges"]
[Result "1-0"]
[WhiteElo "1763"]
[BlackElo "1616"]
[PlyCount "73"]
[EventDate "2003.07.12"]
[EventType "swiss"]
[EventRounds "9"]
[EventCountry "CAN"]

1. g3 Nf6 2. Bg2 e5 3. e4 Bc5 4. Nc3 a5 5. Nge2 d6 6. O-O O-O 7. d4 exd4 8.
Nxd4 c6 9. Na4 Ba7 10. Bf4 Na6 11. c4 Re8 12. Re1 Bb8 13. Qd2 Be6 14. Nxe6 Rxe6
15. Rad1 Bc7 16. Nc3 Qe7 17. f3 Nh5 18. Be3 Qf8 19. Qf2 Qd8 20. Rd2 Qf8 21.
Red1 h6 22. Bh3 Ree8 23. Bb6 d5 24. cxd5 cxd5 25. Rxd5 Nf6 26. Rxa5 Bd6 27. Nd5
Nxd5 28. Raxd5 Be7 29. a3 Rab8 30. Bd7 Red8 31. b4 Ra8 32. Bxd8 Bxd8 33. Bh3
Nc7 34. Rd7 Nb5 35. Qc5 Qxc5+ 36. bxc5 Bc7 37. Rb1 1-0

[Event "Quebec op U1800"]
[Site "Montreal CAN"]
[Date "2003.07.16"]
[Round "6"]
[White "Blais, Georges"]
[Black "Bergeron, Andre"]
[Result "1-0"]
[WhiteElo "1616"]
[BlackElo "1469"]
[PlyCount "123"]
[EventDate "2003.07.12"]
[EventType "swiss"]
[EventRounds "9"]
[EventCountry "CAN"]

1. Nf3 d5 2. e4 d4 3. Bc4 e6 4. d3 Nf6 5. O-O Nc6 6. e5 Nd5 7. a3 a6 8. Nbd2
Be7 9. Ne4 h6 10. Bd2 b5 11. Ba2 Bb7 12. Re1 b4 13. a4 a5 14. Bc4 Nb6 15. Bb3
Qd7 16. Bf4 Nd5 17. Bg3 O-O 18. h3 Kh8 19. Nh2 Qd8 20. Qh5 Bg5 21. Qf3 Bh4 22.
Nc5 Bxg3 23. Qxg3 Bc8 24. Nf3 Nde7 25. Qh4 Nf5 26. Qe4 Nfe7 27. Bc4 Rb8 28. Bb5
Na7 29. Bc4 Nac6 30. g4 Rb6 31. h4 Ng6 32. g5 Qe7 33. h5 Ngxe5 34. Nxe5 Qxc5
35. gxh6 Qxe5 36. Qxe5 Nxe5 37. hxg7+ Kxg7 38. Rxe5 Kh6 39. f4 Rg8+ 40. Kf2 Bb7
41. Rg1 Rxg1 42. Kxg1 Bf3 43. Rxa5 Bxh5 44. Ra8 Bf3 45. Rc8 Rb7 46. a5 Ra7 47.
a6 Bd1 48. Rb8 b3 49. Rxb3 Bxc2 50. Rb7 Ra8 51. Rxc7 Kg6 52. b4 f6 53. b5 e5
54. fxe5 fxe5 55. b6 e4 56. dxe4 d3 57. Rd7 Kf6 58. b7 Ra7 59. Rd6+ Ke7 60.
b8=Q d2 61. Rxd2 Rxa6 62. Qd8# 1-0

[Event "Quebec op U1800"]
[Site "Montreal CAN"]
[Date "2003.07.17"]
[Round "7"]
[White "Thibault, Mario"]
[Black "Blais, Georges"]
[Result "1/2-1/2"]
[WhiteElo "1715"]
[BlackElo "1616"]
[PlyCount "65"]
[EventDate "2003.07.12"]
[EventType "swiss"]
[EventRounds "9"]
[EventCountry "CAN"]

1. Nf3 c5 2. g3 Nf6 3. Bg2 g6 4. O-O Bg7 5. d3 O-O 6. e4 d6 7. c3 Nc6 8. Nbd2
Rb8 9. a3 Qc7 10. Rb1 b5 11. d4 cxd4 12. Nxd4 Qb6 13. Nxc6 Qxc6 14. e5 Nd5 15.
Nb3 e6 16. exd6 Bb7 17. Na5 Qd7 18. Nxb7 Qxb7 19. Bg5 Rfe8 20. Re1 Bf8 21. Be7
Bxe7 22. dxe7 Rxe7 23. Qb3 Rd7 24. Rbd1 Rbd8 25. Rd2 Qb6 26. Red1 Nf6 27. Rxd7
Rxd7 28. Rxd7 Nxd7 29. Qd1 Qc7 30. Bf1 Qb7 31. Bg2 Qc7 32. Qd3 a6 33. Qd4
1/2-1/2

[Event "Quebec op U1800"]
[Site "Montreal CAN"]
[Date "2003.07.18"]
[Round "8"]
[White "Blais, Georges"]
[Black "Gates, Claude-Eric"]
[Result "1/2-1/2"]
[WhiteElo "1616"]
[BlackElo "1616"]
[PlyCount "41"]
[EventDate "2003.07.12"]
[EventType "swiss"]
[EventRounds "9"]
[EventCountry "CAN"]

1. Nf3 Nf6 2. c4 g6 3. b3 Bg7 4. Bb2 d6 5. g3 O-O 6. Bg2 e5 7. d3 Nc6 8. O-O
Nh5 9. Nc3 Ne7 10. d4 Be6 11. dxe5 dxe5 12. Nb5 e4 13. Bxg7 exf3 14. Bxf8 fxg2
15. Qxd8 gxf1=Q+ 16. Rxf1 Rxd8 17. Bxe7 Rd7 18. Bb4 a6 19. Na3 b6 20. Nc2 c5
21. Bc3 1/2-1/2

[Event "Quebec op U1800"]
[Site "Montreal CAN"]
[Date "2003.07.19"]
[Round "9"]
[White "Heinoo, Risto"]
[Black "Blais, Georges"]
[Result "0-1"]
[WhiteElo "1521"]
[BlackElo "1616"]
[PlyCount "82"]
[EventDate "2003.07.12"]
[EventType "swiss"]
[EventRounds "9"]
[EventCountry "CAN"]

1. Nf3 c5 2. b3 Nf6 3. Bb2 g6 4. e3 Bg7 5. e4 d6 6. d4 cxd4 7. Nxd4 Qb6 8. Bb5+
Bd7 9. Bxd7+ Nbxd7 10. Nd2 O-O 11. O-O Rfc8 12. Rb1 Ne5 13. Qe2 Qa5 14. f4 Nc6
15. Nc4 Qd8 16. Nf3 b5 17. Ncd2 a6 18. Kh1 Nb4 19. e5 Nfd5 20. e6 f6 21. f5
Nxc2 22. Nh4 Qe8 23. fxg6 hxg6 24. Qd3 Nde3 25. Rf3 Ng4 26. Nxg6 Ne5 27. Bxe5
dxe5 28. Rh3 Nd4 29. Qg3 Nxe6 30. Rh8+ Bxh8 31. Nf4+ Ng5 32. h4 exf4 33. Qg4
Qg6 34. hxg5 Qxg5 35. Qe6+ Kf8 36. Re1 f5 37. Nf3 Qf6 38. Qe2 Rc7 39. Nd2 Qh4+
40. Kg1 Bd4+ 41. Kf1 Qh1# 0-1

[Event "Quebec op U2000"]
[Site "Montreal CAN"]
[Date "2003.07.12"]
[Round "1"]
[White "Filion, Claude"]
[Black "Roy, Roger"]
[Result "1-0"]
[WhiteElo "1862"]
[BlackElo "1697"]
[PlyCount "101"]
[EventDate "2003.07.12"]
[EventType "swiss"]
[EventRounds "9"]
[EventCountry "CAN"]

1. e4 c6 2. Nf3 d6 3. Bc4 e6 4. d4 d5 5. Bd3 dxe4 6. Bxe4 Nf6 7. Bd3 Be7 8. O-O
O-O 9. Nbd2 c5 10. Nc4 Nc6 11. c3 cxd4 12. cxd4 Nb4 13. Bb1 Bd7 14. a3 Nbd5 15.
Nfe5 Rc8 16. Nxd7 Qxd7 17. Ne5 Qc7 18. Bg5 h6 19. Bh4 g5 20. Bg3 Bd6 21. Qd3
Nf4 22. Bxf4 gxf4 23. Re1 Bxe5 24. dxe5 Rfd8 25. Qh3 Qxe5 26. Bh7+ Kxh7 27.
Rxe5 Rd2 28. Qh4 Kg6 29. Qxf4 Rcc2 30. h3 Rxb2 31. g4 Nd5 32. Qf3 b6 33. h4 Nf6
34. Rf1 Rd4 35. h5+ Kg7 36. Qc3 Rxg4+ 37. Kh2 Ra2 38. Re3 Rh4+ 39. Rh3 Rg4 40.
Rg3 Rxg3 41. Kxg3 e5 42. Qxe5 Rxa3+ 43. f3 Ra5 44. Qd4 Rd5 45. Qb2 Rxh5 46. Rg1
Rf5 47. Kf2+ Kf8 48. Qa3+ Ke8 49. Re1+ Kd8 50. Qe7+ Kc8 51. Rc1+ 1-0

[Event "Quebec op U2000"]
[Site "Montreal CAN"]
[Date "2003.07.13"]
[Round "2"]
[White "Duplessis, Jean-Roch"]
[Black "Roy, Roger"]
[Result "1-0"]
[WhiteElo "1737"]
[BlackElo "1697"]
[PlyCount "99"]
[EventDate "2003.07.12"]
[EventType "swiss"]
[EventRounds "9"]
[EventCountry "CAN"]

1. e4 c6 2. c4 d6 3. d4 Nf6 4. Nc3 e5 5. dxe5 dxe5 6. Qxd8+ Kxd8 7. Nf3 Bd6 8.
Bg5 Ke7 9. c5 Bc7 10. Bc4 Be6 11. Nd2 Nbd7 12. b4 h6 13. Bxf6+ Nxf6 14. Ke2
Rhd8 15. Bxe6 Kxe6 16. Nb3 Rd7 17. Rhd1 Rad8 18. Rxd7 Rxd7 19. f3 Nh5 20. g3 g6
21. a4 f5 22. b5 Nf6 23. a5 a6 24. bxc6 bxc6 25. exf5+ gxf5 26. Ra4 Nd5 27.
Nxd5 Kxd5 28. Rh4 Rh7 29. Rh5 Kc4 30. Nd2+ Kxc5 31. Rxf5 Kb4 32. Rh5 c5 33. g4
c4 34. Ne4 Bxa5 35. g5 c3 36. Rxh6 c2 37. Nf2 Rd7 38. Rc6 Kb3 39. Nd3 Rc7 40.
Rxc7 Bxc7 41. g6 e4 42. fxe4 Be5 43. h4 a5 44. h5 Bg7 45. e5 a4 46. e6 a3 47.
e7 a2 48. e8=Q a1=Q 49. Qf7+ Ka3 50. Qa7+ 1-0

[Event "Quebec op U2000"]
[Site "Montreal CAN"]
[Date "2003.07.13"]
[Round "3"]
[White "Roy, Roger"]
[Black "Hua, Lethyn"]
[Result "1/2-1/2"]
[WhiteElo "1697"]
[BlackElo "1729"]
[PlyCount "31"]
[EventDate "2003.07.12"]
[EventType "swiss"]
[EventRounds "9"]
[EventCountry "CAN"]

1. d4 e6 2. Nf3 d5 3. Bf4 Nf6 4. e3 c6 5. c3 Bd6 6. Ne5 Nbd7 7. Nd2 Qc7 8. Nxd7
Bxd7 9. Bxd6 Qxd6 10. Nf3 c5 11. dxc5 Qxc5 12. Qd4 Qxd4 13. exd4 Rc8 14. Ne5 a6
15. Bd3 Bc6 16. O-O 1/2-1/2

[Event "Quebec op U2000"]
[Site "Montreal CAN"]
[Date "2003.07.14"]
[Round "4"]
[White "Roy, Roger"]
[Black "Gerard, Patrice"]
[Result "1-0"]
[WhiteElo "1697"]
[BlackElo "1724"]
[PlyCount "53"]
[EventDate "2003.07.12"]
[EventType "swiss"]
[EventRounds "9"]
[EventCountry "CAN"]

1. e4 c5 2. c3 e6 3. d4 cxd4 4. cxd4 d5 5. exd5 Qxd5 6. Nc3 Bb4 7. Nf3 Nf6 8.
Bd2 Bxc3 9. Bxc3 Nc6 10. Bd3 b5 11. a3 a5 12. O-O Bb7 13. Qe2 b4 14. Bc4 Qf5
15. axb4 axb4 16. Rxa8+ Bxa8 17. Bd2 O-O 18. Rc1 Rd8 19. Bb5 Na7 20. Bd3 Qg4
21. Rc4 Nb5 22. d5 Qh5 23. Rh4 Qxd5 24. Bxb5 Qb3 25. Rxb4 Bxf3 26. Rxb3 Bxe2
27. Bxe2 1-0

[Event "Quebec op U2000"]
[Site "Montreal CAN"]
[Date "2003.07.15"]
[Round "5"]
[White "Brule, Raphael"]
[Black "Roy, Roger"]
[Result "1-0"]
[WhiteElo "1471"]
[BlackElo "1697"]
[PlyCount "92"]
[EventDate "2003.07.12"]
[EventType "swiss"]
[EventRounds "9"]
[EventCountry "CAN"]

1. e4 c5 2. Nf3 d6 3. d4 cxd4 4. Nxd4 Nf6 5. Nc3 a6 6. f4 e5 7. Nf3 Qc7 8. Be2
Nbd7 9. Be3 Be7 10. O-O O-O 11. f5 b5 12. Ng5 h6 13. Nh3 Bb7 14. Bd3 Nc5 15.
Qf3 b4 16. Nd5 Bxd5 17. exd5 e4 18. Qg3 Kh7 19. Bc4 Ncd7 20. Bb3 Ne5 21. Nf4
Rg8 22. a3 g5 23. fxg6+ Nxg6 24. axb4 Ne5 25. Qh3 Nfg4 26. Bd4 Bf6 27. Kh1 Qe7
28. Nh5 Rg6 29. Nxf6+ Rxf6 30. Qc3 Rxf1+ 31. Rxf1 Qh4 32. Bxe5 Nxe5 33. g3 Qh3
34. Rf2 Rc8 35. Qe1 f5 36. Qf1 Qxf1+ 37. Rxf1 Kg6 38. Ra1 Ra8 39. b5 a5 40. Kg2
Kg5 41. h4+ Kf6 42. Ba2 Nd7 43. c4 Ke5 44. Kf2 Nc5 45. Ke3 Rg8 46. Rg1 f4+ 1-0

[Event "Quebec op U2000"]
[Site "Montreal CAN"]
[Date "2003.07.16"]
[Round "6"]
[White "Roy, Roger"]
[Black "Furger, Joseph"]
[Result "1-0"]
[WhiteElo "1697"]
[BlackElo "1447"]
[PlyCount "129"]
[EventDate "2003.07.12"]
[EventType "swiss"]
[EventRounds "9"]
[EventCountry "CAN"]

1. d4 f5 2. Nf3 e6 3. g3 Nf6 4. Bg2 c6 5. O-O Be7 6. c4 b5 7. cxb5 cxb5 8. Ne5
d5 9. Qb3 a6 10. a4 b4 11. a5 Nfd7 12. Be3 Nxe5 13. dxe5 Nc6 14. Bb6 Qd7 15. f4
Bb7 16. Rc1 Rc8 17. Nd2 O-O 18. Qa4 Nb8 19. Qd1 Qb5 20. Nb3 Nc6 21. Nc5 Nxa5
22. Bxa5 Bxc5+ 23. Kf1 Rf7 24. Qa4 Bc6 25. Qxb5 Bxb5 26. Bxb4 Rfc7 27. Ba5 Rc6
28. b4 Be7 29. Rxc6 Rxc6 30. Rb1 Rc4 31. Kf2 g5 32. fxg5 Bxg5 33. h4 Be7 34.
Bf3 f4 35. h5 fxg3+ 36. Kxg3 h6 37. Bg4 Rc3+ 38. Kg2 Rc6 39. Rf1 Kg7 40. Rb1
Bg5 41. Rf1 Be7 42. Rb1 Kf7 43. Rf1+ Ke8 44. Rb1 Kd7 45. Rd1 Rc2 46. Rxd5+ Kc6
47. Bxe6 Bxe2 48. Rd7 Bg4+ 49. Kg3 Bxe6 50. Rc7+ Kb5 51. Rxc2 Bc4 52. Kf3 Bd5+
53. Kf4 Be6 54. Rg2 Kc6 55. Rg6 Bg5+ 56. Rxg5 hxg5+ 57. Kxg5 Kd7 58. h6 Bg8 59.
Kf6 Bh7 60. Kf7 Bf5 61. Bb6 Be6+ 62. Kf6 Bg8 63. Kg7 Kc6 64. Kxg8 Kxb6 65. h7
1-0